banner-ar

السحر وتحضير الارواح بين البدع والحقائق / (Record no. 38246)

MARC details
000 -الفاتح
حقل البيانات ثابتة الطول 00641nam a2200205Ia 4500
008 - عناصر البيانات ثابتة الطول - معلومات عامة
حقل البيانات ثابتة الطول 140319s9999 xx 000 0 ara d
040 ## - مصدر الفهرسة
وكالة الفهرسة الأصلية GCL /
وكالة النسخ GCL
082 04 - رقم تصنيف ديوى العشرى
رقم التصنيف 133.4
رقم المادة ا س
100 1# - المدخل الرئيسى - إسم شخصى
الإسم الشخصى السيد الجميلى
245 10 - بيان العنوان
العنوان السحر وتحضير الارواح بين البدع والحقائق /
بيان المسئوليه,etc السيد الجميلى
300 ## - الوصف المادى
التعداد 143 ص ؛
أبعاد الوعاء 23 سم
490 ## - بيان السلسلة
عنوان السلسلة
650 04 - المدخل الاضافى بالموضوع-مصطلح موضوعى
مصطلح موضوعي الشياطين والجان
650 04 - المدخل الاضافى بالموضوع-مصطلح موضوعى
مصطلح موضوعي السحر
650 04 - المدخل الاضافى بالموضوع-مصطلح موضوعى
مصطلح موضوعي الجن
650 04 - المدخل الاضافى بالموضوع-مصطلح موضوعى
مصطلح موضوعي تحضير الارواح
942 ## - عناصر المدخل الإضافي( كوها)
مصدر التصنيف او مخطط الترفيف Dewey Decimal Classification
Koha [default] item type كتاب
260 ## - PUBLICATION, DISTRIBUTION, ETC. (IMPRINT)
-- القاهرة :
-- دار اسامة للنشر والتوزيع
Holdings
حالة التراجع حالة الفقد حالة تلف ليس للاعارة المكان المؤقت الموقع الحالى تاريخ الاكتساب اجمالي اﻻعارات رقم الطلب الباركود تاريخ اخر مشاهدة تاريخ تفعيل السعر نوع وعاء كوها
        مكتبة القاهرة الكبرى مكتبة القاهرة الكبرى 03/26/2014   133.4\ا س 93321 03/26/2014 03/26/2014 كتاب
        مكتبة القاهرة الكبرى مكتبة القاهرة الكبرى 03/26/2014   133.4\ا س 93322 03/26/2014 03/26/2014 كتاب
        مكتبة القاهرة الكبرى مكتبة القاهرة الكبرى 03/26/2014   133.4\ا س 93323 03/26/2014 03/26/2014 كتاب

Powered By

EGPV